<?xml version="1.0" encoding="UTF-8"?>
<record
    xmlns:xsi="http://www.w3.org/2001/XMLSchema-instance"
    xsi:schemaLocation="http://www.loc.gov/MARC21/slim http://www.loc.gov/standards/marcxml/schema/MARC21slim.xsd"
    xmlns="http://www.loc.gov/MARC21/slim">

  <leader>00950nam2a22002651  4500</leader>
  <controlfield tag="001">RU\NLR\INFOCOMM15\5000204403</controlfield>
  <controlfield tag="005">20250617112948.0</controlfield>
  <datafield tag="035" ind1=" " ind2=" ">
    <subfield code="a">(NLR Aleph) 002574590</subfield>
  </datafield>
  <datafield tag="090" ind1=" " ind2=" ">
    <subfield code="a">3220215</subfield>
    <subfield code="c">3220215</subfield>
  </datafield>
  <datafield tag="100" ind1=" " ind2=" ">
    <subfield code="a">20041020d1959    |||y0rusy50      ca</subfield>
  </datafield>
  <datafield tag="101" ind1="0" ind2=" ">
    <subfield code="a">rus</subfield>
    <subfield code="a">eng</subfield>
  </datafield>
  <datafield tag="102" ind1=" " ind2=" ">
    <subfield code="a">RU</subfield>
  </datafield>
  <datafield tag="105" ind1=" " ind2=" ">
    <subfield code="a">y   ||||000|y</subfield>
  </datafield>
  <datafield tag="200" ind1="1" ind2=" ">
    <subfield code="a">&#x414;&#x435;&#x43B;&#x435;&#x43D;&#x438;&#x435; &#x44F;&#x434;&#x435;&#x440; Th&#xB2;&#xB3;&#xB2; &#x43E;&#x442;&#x440;&#x438;&#x446;&#x430;&#x442;&#x435;&#x43B;&#x44C;&#x43D;&#x44B;&#x43C;&#x438; &#x3BC; &#x438; &#x3C0;-&#x43C;&#x435;&#x437;&#x43E;&#x43D;&#x430;&#x43C;&#x438;</subfield>
    <subfield code="f">&#x41C;.&#x413;. &#x41F;&#x435;&#x442;&#x440;&#x430;&#x448;&#x43A;&#x443; &#x438; &#x410;.&#x41A;. &#x41C;&#x438;&#x445;&#x443;&#x43B;</subfield>
    <subfield code="g">&#x41B;&#x430;&#x431;&#x43E;&#x440;&#x430;&#x442;&#x43E;&#x440;&#x438;&#x44F; &#x44F;&#x434;&#x435;&#x440;&#x43D;&#x44B;&#x445; &#x43F;&#x440;&#x43E;&#x431;&#x43B;&#x435;&#x43C;</subfield>
  </datafield>
  <datafield tag="210" ind1=" " ind2=" ">
    <subfield code="d">1959</subfield>
    <subfield code="a">&#x411;. &#x43C;.</subfield>
  </datafield>
  <datafield tag="461" ind1=" " ind2="0">
    <subfield code="1">001RU\NLR\INFOCOMM15\1000176112</subfield>
    <subfield code="1">2001#$a&#x418;&#x437;&#x434;&#x430;&#x43D;&#x438;&#x44F;$f&#x41E;&#x431;&#x44A;&#x435;&#x434;&#x438;&#x43D;. &#x438;&#x43D;-&#x442; &#x44F;&#x434;&#x435;&#x440;&#x43D;&#x44B;&#x445; &#x438;&#x441;&#x441;&#x43B;&#x435;&#x434;&#x43E;&#x432;&#x430;&#x43D;&#x438;&#x439;$v&#x420;-&#xAD;286</subfield>
  </datafield>
  <datafield tag="700" ind1=" " ind2="1">
    <subfield code="a">&#x41F;&#x435;&#x442;&#x440;&#x430;&#x448;&#x43A;&#x443;</subfield>
    <subfield code="b">&#x41C;.&#x413;.</subfield>
    <subfield code="4">070</subfield>
  </datafield>
  <datafield tag="701" ind1=" " ind2="1">
    <subfield code="a">&#x41C;&#x438;&#x445;&#x443;&#x43B;</subfield>
    <subfield code="b">&#x410;.&#x41A;.</subfield>
    <subfield code="4">070</subfield>
  </datafield>
  <datafield tag="801" ind1=" " ind2="1">
    <subfield code="a">RU</subfield>
    <subfield code="b">InfoComm</subfield>
    <subfield code="c">20041020</subfield>
  </datafield>
  <datafield tag="801" ind1=" " ind2="0">
    <subfield code="a">RU</subfield>
    <subfield code="b">NLR</subfield>
    <subfield code="g">PSBO</subfield>
  </datafield>
  <datafield tag="852" ind1=" " ind2=" ">
    <subfield code="a">NLR</subfield>
    <subfield code="j">&#x41F;11/2061</subfield>
  </datafield>
  <datafield tag="942" ind1=" " ind2=" ">
    <subfield code="c">ISSUE</subfield>
  </datafield>
  <datafield tag="980" ind1=" " ind2=" ">
    <subfield code="a">NB</subfield>
  </datafield>
  <datafield tag="980" ind1=" " ind2=" ">
    <subfield code="a">RUSPER</subfield>
  </datafield>
</record>
